000 00929nam a22003255a 4500
001 13934999
003 OSt
005 20140310181623.0
008 050419s2005 nyu 000 0 eng
010 _a 2005926186
020 _a1840224355
040 _aDLC
_cDLC
042 _apcc
050 _aPQ 2227
_b.D314 2002
082 _aCLA D89m
_b2002
100 1 _aDumas, Alexandre.
_92867
245 1 4 _aThe man in the iron mask /
_cAlexandre Dumas, introduction and notes by Keith Wren
260 _aLondon :
_bWordsworth,
_cc2002.
263 _a0511
300 _a632 p. :
_c19 cm.
440 0 _aBarnes & Noble classics
_92903
541 _j3
541 _j2
541 _j1
562 _eFor circulation. 3 copies in the collection
650 _aInternational Baccalaureate.
_9127
906 _a0
_bibc
_corignew
_d2
_eepcn
_f20
_gy-gencatlg
942 _2lcc
_cBBK
_kCLA
999 _c221
_d221